00574nam a2200241Ia 450000500170000000800460001702000180006303700100008104000080009104000080009904000080010704100080011504100080012308400080013110000150013924500630015424500170021726000230023426000090025736500050026636500080027185600530027920260324121511.0008 260324s9999 xx 000 0 eng d a9781003551416 aEBOOK aCRL beng cCRL 2eng aeng qCRL aLyn Pykett 4aThe Selected Works of Margaret Oliphant, Part IV Volume 16 0bSalem Chapel bTaylor and Francis c2014 a b290 uhttp://www.taylorfrancis.com/books/9781003551416